Normal view
MARC view
Entry Personal Name
001 - CONTROL NUMBER
- control field: 6139
003 - CONTROL NUMBER IDENTIFIER
- control field: BD-RjUL
005 - DATE AND TIME OF LATEST TRANSACTION
- control field: 20221205115534.0
008 - FIXED-LENGTH DATA ELEMENTS
- fixed length control field: 221205|| aca||aabn | a|a d
040 ## - CATALOGING SOURCE
- Original cataloging agency: BD-RjUL
- Transcribing agency: BD-RjUL
100 ## - HEADING--PERSONAL NAME
- Personal name: ভৌমিক, সোমেশ্বর
670 ## - SOURCE DATA FOUND
- Source citation: Work cat.: (BD-RjUL)80886: ভৌমিক, সোমেশ্বর , চলচ্চিত্রের সন্ধানে রবীন্দ্রনাথ /, ২০২২